| Tag |
First Indicator |
Second Indicator |
Subfields |
| LEADER |
00000cam a2200000 4500 |
| 001 |
in00000061664 |
| 005 |
20151008050559.0 |
| 008 |
721010s1960 nyua 00000 eng u |
| 010 |
|
|
|a a 62008748
|
| 035 |
|
|
|a (OCoLC)00424605
|
| 035 |
|
|
|9 AAG1918AM
|
| 040 |
|
|
|c WSU
|d TXA
|d UtOrBLW
|
| 049 |
|
|
|a TXAM
|c 1 [339700]
|c 2 [339701]
|c 3 [339702]
|
| 090 |
|
|
|a E302.G16
|b A4 1960
|
| 092 |
|
|
|a 308
|b G164w
|
| 100 |
1 |
|
|a Gallatin, Albert,
|d 1761-1849.
|
| 245 |
1 |
0 |
|a Writings /
|c Edited by Henry Adams.
|
| 264 |
|
1 |
|a New York :
|b Antiquarian Press,
|c 1960.
|
| 300 |
|
|
|a 3 volumes
|
| 336 |
|
|
|a text
|b txt
|2 rdacontent
|
| 337 |
|
|
|a unmediated
|b n
|2 rdamedia
|
| 338 |
|
|
|a volume
|b nc
|2 rdacarrier
|
| 650 |
|
0 |
|a Finance, Public
|z United States.
|
| 650 |
|
0 |
|a Currency question
|z United States.
|
| 651 |
|
0 |
|a United States
|x History
|y 1783-1865.
|
| 700 |
1 |
|
|a Adams, Henry,
|d 1838-1918.
|
| 999 |
|
|
|a MARS
|
| 999 |
f |
f |
|s 23915ca1-edc4-3728-b027-fec523b580a3
|i 5ea0074f-241a-3c80-b4ec-9d126c4d7229
|t 0
|
| 952 |
f |
f |
|p normal
|a Texas A&M University
|b College Station
|c Sterling C. Evans Library
|d Evans: Library Stacks
|t 0
|e E302.G16 A4 1960
|h Library of Congress classification
|i unmediated -- volume
|k v.2
|m A14800646489
|
| 952 |
f |
f |
|p normal
|a Texas A&M University
|b College Station
|c Sterling C. Evans Library
|d Evans: Library Stacks
|t 0
|e E302.G16 A4 1960
|h Library of Congress classification
|i unmediated -- volume
|k v.1
|m A14800646471
|
| 952 |
f |
f |
|p normal
|a Texas A&M University
|b College Station
|c Sterling C. Evans Library
|d Evans: Library Stacks
|t 0
|e E302.G16 A4 1960
|h Library of Congress classification
|i unmediated -- volume
|k v.3
|m A14800646497
|
| 998 |
f |
f |
|a E302.G16 A4 1960
|s v.1-v.3
|t 0
|l Evans: Library Stacks
|